ARRUPE JESUIT UNIVERSITY

CORONAVIRUS -STOP THE SPREAD - CLEAN,DISINFECT,COVER

The boundaries of Babel : (Record no. 131063)

MARC details
000 -LEADER
fixed length control field 01387cam a2200349 a 4500
001 - CONTROL NUMBER
control field 15023723
003 - CONTROL NUMBER IDENTIFIER
control field ARRUPE
005 - DATE AND TIME OF LATEST TRANSACTION
control field 20211102102139.0
008 - FIXED-LENGTH DATA ELEMENTS--GENERAL INFORMATION
fixed length control field 070926s2008 maua b 001 0 eng
010 ## - LIBRARY OF CONGRESS CONTROL NUMBER
LC control number 2007039870
020 ## - INTERNATIONAL STANDARD BOOK NUMBER
International Standard Book Number 9780262134989 (hardcover : alk. paper)
020 ## - INTERNATIONAL STANDARD BOOK NUMBER
International Standard Book Number 0262134985 (hardcover : alk. paper)
020 ## - INTERNATIONAL STANDARD BOOK NUMBER
International Standard Book Number 9780262515061 (paperback : alk. paper)
035 ## - SYSTEM CONTROL NUMBER
System control number (OCoLC)ocn173509395
035 ## - SYSTEM CONTROL NUMBER
System control number (OCoLC)173509395
040 ## - CATALOGING SOURCE
Original cataloging agency DLC
Transcribing agency DLC
Modifying agency BTCTA
-- BAKER
-- YDXCP
-- C#P
-- DLC
041 1# - LANGUAGE CODE
Language code of text/sound track or separate title eng
Language code of original and/or intermediate translations of text ita
050 00 - LIBRARY OF CONGRESS CALL NUMBER
Classification number P132
Item number .M6713 2008
082 00 - DEWEY DECIMAL CLASSIFICATION NUMBER
Classification number 401
Edition number 22
300 ## - PHYSICAL DESCRIPTION
Other physical details ill. ;
Dimensions 24 cm.
100 1# - MAIN ENTRY--PERSONAL NAME
Personal name Moro, Andrea.
9 (RLIN) 50860
240 10 - UNIFORM TITLE
Uniform title <a href="Confini di Babele.">Confini di Babele.</a>
Language of a work English
245 14 - TITLE STATEMENT
Title The boundaries of Babel :
Remainder of title the brain and the enigma of impossible languages /
Statement of responsibility, etc Andrea Moro ; translated from Italian by Ivano Caponigro and Daniel B. Kane.
260 ## - PUBLICATION, DISTRIBUTION, ETC. (IMPRINT)
Place of publication, distribution, etc Cambridge, Mass. :
Name of publisher, distributor, etc MIT Press,
Date of publication, distribution, etc c2008.
300 ## - PHYSICAL DESCRIPTION
Extent xvi, 257 p. :
490 1# - SERIES STATEMENT
Series statement Current studies in linguistics ;
Volume number/sequential designation 46
504 ## - BIBLIOGRAPHY, ETC. NOTE
Bibliography, etc Includes bibliographical references (p. [231]-243) and indexes.
650 #0 - SUBJECT ADDED ENTRY--TOPICAL TERM
Topical term or geographic name as entry element Biolinguistics.
9 (RLIN) 50861
830 #0 - SERIES ADDED ENTRY--UNIFORM TITLE
Uniform title Current studies in linguistics series ;
Volume number/sequential designation 46.
9 (RLIN) 50862
906 ## - LOCAL DATA ELEMENT F, LDF (RLIN)
a 7
b cbc
c orignew
d 1
e ecip
f 20
g y-gencatlg
942 ## - ADDED ENTRY ELEMENTS (KOHA)
Source of classification or shelving scheme Library of Congress Classification
Koha item type Monograph ( Printed materials)
Holdings
Withdrawn status Lost status Source of classification or shelving scheme Damaged status Not for loan Collection code Home library Current library Shelving location Date acquired Total Checkouts Full call number Barcode Date last seen Price effective from Koha item type
    Library of Congress Classification     Main Collection ARRUPE LIBRARY ARRUPE LIBRARY Main Collection 02/11/2021   P132 .M6713 2008 46600007027 02/11/2021 02/11/2021 Monograph ( Printed materials)

 

Arrupe Library. PO Box MP320 Mt Pleasant, Harare, Zimbabwe
263 242 745411|librarian@aju.ac.zw